Economic development and human resources Japan's experience

Gespeichert in:
Bibliographische Detailangaben
1. Verfasser: Tsuru, Shigeto
Format: Buch
Sprache:Englisch
Veröffentlicht: México Colegio Nacional de Economistas 1980
Tags: Tag hinzufügen
Keine Tags, Fügen Sie das erste Tag hinzu!

MARC

LEADER 00000nam a2200000 4500
001 c140811
005 20041019155320.1
041 0 |a eng 
044 |a MX 
245 1 0 |a Economic development and human resources  |b Japan's experience  |c Shigeto Tsuru 
264 1 |a México  |b Colegio Nacional de Economistas  |c 1980 
300 |a 42 s. 
100 1 |a Tsuru, Shigeto